Ensayos políticos / (Record no. 107836)

MARC details
000 -LEADER
campo de control de longitud fija 00643nam a2200205 4500
001 - NÚMERO DE CONTROL
campo de control 107836
003 - IDENTIFICADOR DE NÚMERO DE CONTROL
campo de control ES-MaACL
005 - FECHA Y HORA DE LA ÚLTIMA TRANSACCIÓN
campo de control 20251003063117.0
007 - CAMPO FIJO DE DESCRIPCIÓN FÍSICA--INFORMACIÓN GENERAL
campo de control de longitud fija t|
008 - DATOS DE LONGITUD FIJA--INFORMACIÓN GENERAL
campo de control de longitud fija 061121s1972 sp r ||||1| spa d
100 1# - ENTRADA PRINCIPAL--NOMBRE DE PERSONA
Nombre de persona Moreno y de Herrera, Francisco,
Títulos y otros términos asociados al nombre Conde de los Andes
9 (RLIN) 21480
245 10 - MENCIÓN DEL TÍTULO
Título Ensayos políticos /
Mención de responsabilidad, etc. Francisco Moreno y de Herrera, Conde de los Andes.
250 ## - MENCION DE EDICION
Mención de edición 1.ª ed.
260 ## - PUBLICACIÓN, DISTRIBUCIÓN, ETC.
Lugar de publicación, distribución, etc. Madrid :
Nombre del editor, distribuidor, etc. Organización Sala,
Fecha de publicación, distribución, etc. 1972.
300 ## - DESCRIPCIÓN FÍSICA
Extensión 199 p. ;
Dimensiones 24.
490 1# - MENCIÓN DE SERIE
Mención de serie Colección Ensayo ;
Designación de volumen o secuencia 3
830 0# - PUNTO DE ACCESO ADICIONAL DE SERIE-TÍTULO UNIFORME
Título uniforme Colección Ensayo ;
Designación de volumen o secuencia 3
9 (RLIN) 178259
852 ## - LOCALIZACIÓN
Ubicación ES-MaACL
Número de control de estantería C-45572
Sublocalización o colección R.83557
Holdings
Estatus retirado Estado de pérdida Estado de daño No para préstamo Biblioteca de origen Biblioteca actual Ubicación en estantería Fecha de adquisición Fuente de adquisición Total de préstamos Signatura topográfica completa Código de barras Visto por última vez Precio de reemplazo Tipo de ítem Koha
        Biblioteca del Ateneo de Madrid Biblioteca del Ateneo de Madrid Depósito 2 17/01/2008     C-45572 1112540 23/02/2023 23/02/2023 Libro impreso